000 00926nam a2200265Ia 4500
003 OSt
005 20220927110352.0
006 a|||||r|||| 00| 0
007 ta
008 220926b |||||||| |||| 00| 0 eng d
024 _a55685
037 _cReports
040 _aRTL
_cRTL
_beng
041 _2eng
_aeng
082 _a"X:95p1,N76, L6.1-2/UN"
110 _aTripartite world conference on employment. Income distribution and social progress and the international divisioon of labour (Geneva(1976))
_9376904
245 0 _aBackground papers
260 _aGeneva
_bILO
_c1976
300 _a195p
_ccm.
490 _vV1
650 _aEmployment and service
700 _aTripartite world conference on employment. Income distribution and social progress and the international divisioon of labour (Geneva(1976))
_9376905
942 _h"X:95p1,N76, L6.1-2/UN"
_cCC
999 _c695920
_d695920